| 000 | 00410nam a2200157 a 4500 | ||
|---|---|---|---|
| 005 | 20140310183230.0 | ||
| 008 | 040414s19uu xx 00 eng d | ||
| 020 | _a0415308909 | ||
| 050 |
_aG 155.A1 _b.En4295 2000 |
||
| 245 | _aEncyclopedia of tourism /. | ||
| 260 |
_aLondon : _bRoutledge, _c2000. |
||
| 300 |
_a683 p. : _c25 cm. |
||
| 650 |
_aTourism _xencyclopedias. |
||
| 942 |
_cBK _2lcc |
||
| 999 |
_c20479 _d20479 |
||